00700nam a2200217Ia 450000500170000000800410001702000280005804000190008604100120010508200150011710000140013224500800014626000430022630000160026965000400028570000210032585000100034694200070035699900170036395201020038020240402093226.0131103s9999 xx 000 0 und d a0-19-563519 1cRs.60.00 aLoreto College aEnglish a420.7bRAM aRam, S.K. aCommunicate in englishb a middle school course cS.K.Ram & Paul Gunashekar aChennaibOxford University Pressc1998 a121pb ill. aEnglish language - Study & teaching aGunashekar, Paul aLCBED cBK c27810d78289 00102ddc4070aMAINbMAINd2013-11-04l0o420.7 RAM 12776pB30654r2013-11-04w2013-11-04yBKf